| 000 | 01018cam a2200265 4500 | ||
|---|---|---|---|
| 001 | WB4021-13 | ||
| 008 | 040601n2004 000 0 eng u | ||
| 035 | _a(Sirsi) u126347 | ||
| 245 | _aMarshes clean-up in Gateway | ||
| 260 | _c2004 | ||
| 490 |
_aRegeneration and Renewal _v 28 May 2004, 3(1) |
||
| 520 | _aRainham Marshes in east London is among the first sites in the Thames Gateway that could be cleaned up under a government-backed environmental regeneration initiative. The Land Restoration Trust is looking at 10 sites in east London, Kent and Essex that it hopes to regenerate under government's sustainable communities programme. Lists the 10 key sites for regeneration. | ||
| 590 | _aWB | ||
| 590 | _aWB | ||
| 650 | _aTHAMES GATEWAY | ||
| 650 | _aKENT | ||
| 650 | _aESSEX | ||
| 650 | _aRAINHAM MARSHES | ||
| 650 | _aEAST LONDON | ||
| 650 | _aSUSTAINABLE COMMUNITIES | ||
| 650 | _aREGENERATION PROJECTS | ||
| 650 | _aENVIRONMENTAL INITIATITVES | ||
| 690 | _aREGENERATION | ||
| 942 | _n0 | ||
| 999 |
_c117430 _d117430 |
||